[Event "WJCC U20 Open 2019"]
[Site "New Delhi"]
[Date "2019.10.17"]
[Round "3.32"]
[White "Rajdeep Sarkar"]
[Black "Papadiamandis, Elliot"]
[Result "1/2-1/2"]
[WhiteElo "2384"]
[BlackElo "2190"]
[Annotator "TA"]
[PlyCount "150"]
[EventDate "2019.10.15"]
[EventType "swiss"]
[EventCountry "IND"]
[SourceTitle "playchess.com"]
[Source "ChessBase"]
[SourceQuality "1"]

{[%evp 24,150,0,0,0,0,0,0,0,0,0,-35,-23,-27,-36,-59,-20,-23,0,-62,-60,-87,-46,-50,25,-60,-58,-102,-50,-32,-33,-87,-29,-34,-35,-17,-17,-31,-29,-52,0,-37,221,228,212,86,62,66,76,27,20,27,102,102,102,102,102,102,115,102,102,102,102,102,102,102,103,102,102,102,133,102,103,102,102,102,103,102,102,102,102,102,102,102,102,102,102,102,102,0,0,0,8,8,89,0,89,0,0,0,0,0,0,0,0,0,8,8,8,8,8,8,8,0,0,0,8,8,8,8,8,8,8,8,8,8,8,0,0]} 1. c4 e5 2. Nc3 Nf6 3. Nf3 Nc6 4. g3 d5 5. cxd5 Nxd5 6. Bg2 Nb6 7. O-O Be7 8. a3 O-O 9. b4 Be6 10. Rb1 f6 11. d3 a5 12. b5 Nd4 13. Nd2 Qc8 {A29: English Opening: Four Knights Variation with 4 g3} 14. e3 Nf5 15. Qc2 Rd8 (15... a4 16. Rd1 Nd6 17. Nde4 Nxe4 18. Nxe4 Bd5 19. Nc5 Bxg2 20. Kxg2 Bxc5 21. Qxc5 {½-½ (85) Svidler,P (2757)-Giri,A (2793) Moscow 2016}) 16. Bb2 Nd6 17. Rfd1 a4 18. Rdc1 Ra5 19. Ba1 $146 ({Predecessor:} 19. Nde4 Nxb5 20. Nxb5 Rxb5 21. d4 exd4 22. Bxd4 Rxb1 23. Qxb1 {0-1 (33) Talla,V (2382)-Cernousek,L (2440) Kouty nad Desnou 2012}) 19... Ne8 20. Bb2 Nd6 21. Nce4 (21. Ba1 $11) 21... Nxb5 22. Nc5 Bxc5 23. Qxc5 Qa8 (23... Rxd3 $15 24. Ne4 Rb3) 24. Qb4 (24. Bc3 $11 Nxc3 25. Qxc3) 24... c6 $15 25. Nc4 Ra6 ({Black should play} 25... Nxc4 $17 26. dxc4 c5 $1 {[%mdl 512]} 27. Qxc5 Nd4 28. Bxd4 Rxc5 29. Bxc5 Qc8) 26. Nxb6 Rxb6 27. Rd1 (27. Bf1 $15) 27... Ra6 (27... Bb3 $17 28. Rd2 Qb8) 28. d4 $11 exd4 29. Bxd4 Bb3 30. Re1 Qc8 31. Bf1 Qf5 (31... Qg4 $15) 32. Rbc1 Bd5 $2 {[%mdl 8192] [#]} (32... Qe4 $15 {keeps the upper hand.} 33. Bc5 Re8) 33. e4 $1 $18 {[%mdl 512]} Bxe4 34. Bxf6 (34. Bxb5 $1 $18 {is the precise move to win.} cxb5 35. Qe7 $1 {[%mdl 576] Double Attack}) 34... Qxf6 $16 35. Rxe4 Raa8 36. Bxb5 cxb5 37. Qxb5 Rf8 (37... Rd2 $11 {remains equal.} 38. Rf4 Qb2) 38. Rf4 Qd6 39. Rxf8+ Rxf8 40. Qxa4 {[%mdl 4096] Endgame KQR-KQR} Qd2 41. Qc4+ Kh8 42. Qc5 {[%cal Rc5f8]} Re8 43. Kg2 h6 44. Rc4 b6 45. Qd4 Qxd4 46. Rxd4 {KR-KR} Re2 47. h4 Ra2 48. Rd3 Rb2 49. h5 b5 50. g4 Kg8 51. Kg3 b4 52. axb4 Rxb4 53. f4 Rb5 54. Rd4 Kf7 55. Kh4 Rb1 56. g5 ({Better is} 56. Rd7+ $16 Kf6 57. Rd3) 56... hxg5+ $11 57. fxg5 Rh1+ 58. Kg4 Rg1+ {[#]} (58... Ke6 $11) 59. Kf4 (59. Kf5 $1 $16 g6+ 60. hxg6+ Kg7 61. Rd7+ Kg8 62. g7) 59... Rh1 {[#]} (59... Rf1+ $1 $11 {keeps the balance.} 60. Kg4 Rg1+ 61. Kf4 Rf1+ 62. Kg4 Rg1+) 60. Rd7+ (60. Kf5 $1 $16) 60... Ke6 $1 {The position is equal.} 61. Rxg7 {aiming for h6.} Rh4+ 62. Kg3 (62. Ke3 {feels hotter.} Rxh5 63. Rg6+ Kf5 64. Rg7 Rh4 65. Rg8) 62... Rxh5 63. Kg4 (63. Kf2 {looks sharper.} Rh2+ 64. Ke3 Rh4 65. Kd3 Rg4 66. Kc3) 63... Rh1 64. Rb7 Rh8 65. Rb3 {And now Rf3 would win.} Kf7 $1 66. Kf5 {White threatens Rb7+ and mate.} Ra8 67. Rb7+ Kg8 68. Rb6 Kg7 69. Rb7+ Kg8 70. Kg6 Ra6+ 71. Kh5 Rc6 72. Re7 Ra6 73. Kg4 Ra4+ 74. Kf5 Ra5+ 75. Kf6 {Intending Re8+ and mate.} Ra6+ {Accuracy: White = 57%, Black = 52%.} 1/2-1/2

[Event "WJCC U20 Open 2019"]
[Site "New Delhi"]
[Date "2019.10.17"]
[Round "3.33"]
[White "De Silva, L M S T"]
[Black "Wang, Shixu B"]
[Result "0-1"]
[WhiteElo "1879"]
[BlackElo "2370"]
[Annotator "TA"]
[PlyCount "115"]
[EventDate "2019.10.15"]
[EventType "swiss"]
[EventCountry "IND"]
[SourceTitle "playchess.com"]
[Source "ChessBase"]
[SourceQuality "1"]

{[%evp 15,115,2,16,0,0,8,8,2,12,0,2,-10,0,-27,-10,-10,-8,-35,-20,-34,-25,-41,-33,-31,-34,-29,-4,-44,-44,-72,-38,-86,-40,-46,-58,-88,-86,-113,-108,-102,-104,-101,-91,-100,-76,-96,-104,-102,-104,-112,-104,-104,-104,-102,-97,-157,-148,-164,-150,-156,-137,-149,-8,-8,-8,-8,-8,-15,-8,-8,-8,-8,-8,-8,-8,-8,-8,-8,-8,-8,-8,-12793,-11156,-29974,-29973,-29973,-29971,-29971,-29968,-29976,-29976,-29975,-29975,-29981,-29983,-29982,-29983,-29985,-29986,-29986,-29987,-29989]} 1. e4 c5 2. Nf3 Nc6 3. Bb5 e6 4. O-O Nge7 5. Re1 a6 6. Bf1 d5 7. exd5 Nxd5 8. d4 Nf6 {[%cal Rc5d4]} 9. dxc5 {B30: Sicilian: 2...Nc6 3 Bb5, lines without ...g6} (9. Be3 Nd5 10. Bg5 f6 11. Bc1 cxd4 12. Nxd4 Nxd4 13. Qxd4 Bd6 14. g3 O-O 15. Bg2 Qc7 16. c3 Bc5 17. Qd3 {½-½ (70) Vidit,S (2711)-Lenic,L (2656) chess.com INT 2018}) 9... Qxd1 10. Rxd1 Bxc5 11. Nc3 {The position is equal.} b5 12. Bg5 Be7 $146 ({Predecessor:} 12... Bb7 13. Rd2 Rd8 14. Rad1 Rxd2 15. Nxd2 Be7 16. Nb3 O-O {0-1 (45) Seignat,F (2041)-Vavric,P (2369) Agneaux 2018}) 13. g3 Bb7 14. Bg2 Rc8 15. Bxf6 gxf6 16. Nd4 Na5 17. Bxb7 Nxb7 18. Rac1 Na5 19. Nce2 f5 20. c3 Bg5 21. f4 Bf6 22. Kf2 Ke7 (22... Nc4 $5 {[%cal Rc4b2]} 23. Rb1 Ke7 $15) 23. Kf3 Rc7 24. h3 h5 25. Ra1 Nc4 26. b3 {[#]} Nb6 $1 27. Rd3 Rhc8 28. Rc1 Kf8 29. Rcd1 Kg7 30. Rg1 Bxd4 31. Rxd4 Nd5 32. g4 fxg4+ ({Much weaker is} 32... Nxc3 $6 33. gxf5+ Kf8 34. fxe6 $11) 33. hxg4 hxg4+ 34. Rxg4+ Kf6 35. Rd3 (35. Rh4 $142) 35... Nxc3 $17 36. Ng3 Nxa2 {White must now prevent ...Nb4.} 37. f5 {Ne4+ would kill now.} exf5 38. Rf4 Rc3 (38... Nc1 $17 39. Re3 Rd8 40. Rxf5+ Kg6) 39. Ne4+ $1 $11 {[#]} Ke5 $1 40. Nxc3 Nxc3 {[%mdl 4096] Endgame KRR-KRN} 41. Rfd4 Rh8 42. Rd7 Rh3+ 43. Kg2 Rxd3 44. Rxd3 {KR-KN} Nd5 {( -> ...Nf4+)} 45. Kf3 Kd6 46. Rd4 a5 {[%cal Ba6a5,Ba5a4,Ba4a3,Ba3a2][%mdl 32]} 47. Rh4 Kc5 48. Rh5 $2 {[%mdl 8192]} (48. Ke2 $11) 48... Kb4 $19 49. Rxf5 Nc3 {Black mates.} 50. Ke3 Kxb3 51. Kd4 a4 52. Rf3 b4 53. Kc5 a3 54. Rxf7 a2 55. Rf1 Nb1 56. Rf3+ Kc2 57. Rf2+ Nd2 58. Kd4 {Accuracy: White = 37%, Black = 57%.} 0-1

[Event "WJCC U20 Open 2019"]
[Site "New Delhi"]
[Date "2019.10.17"]
[Round "3.34"]
[White "Raja Rithvik R"]
[Black "Mohd Saprin, Amir Ghaazi"]
[Result "1-0"]
[WhiteElo "2369"]
[BlackElo "1942"]
[Annotator "ChessBase"]
[PlyCount "81"]
[EventDate "2019.10.15"]
[EventType "swiss"]
[EventCountry "IND"]
[SourceTitle "playchess.com"]
[Source "ChessBase"]
[SourceQuality "1"]
[TimeControl "40/5400+30:1800+30"]

1. Nf3 {[%emt 0:02:47]} Nf6 {[%emt 0:00:00]} 2. c4 {[%emt 0:00:09]} c5 {[%emt 0:00:00]} 3. Nc3 {[%emt 0:00:10]} Nc6 {[%emt 0:00:33]} 4. d4 {[%emt 0:00:12]} cxd4 {[%emt 0:00:09]} 5. Nxd4 {[%emt 0:00:05]} g6 {[%emt 0:00:13]} 6. g3 {[%emt 0:00:08]} Bg7 {[%emt 0:00:12]} 7. Bg2 {[%emt 0:00:06]} O-O {[%emt 0:00:11]} 8. O-O {[%emt 0:00:07]} Nxd4 {[%emt 0:00:25]} 9. Qxd4 {[%emt 0:00:06]} d6 {[%emt 0:00:11]} 10. Qd3 {[%emt 0:00:06]} Be6 {[%emt 0:00:34]} 11. Bd2 {[%emt 0:09:37]} Rb8 {[%emt 0:00:49]} 12. Rac1 {[%emt 0:00:26]} a6 {[%emt 0:01:53]} 13. b3 {[%emt 0:00:25]} Qd7 {[%emt 0:04:18]} 14. a4 {[%emt 0:09:17]} Bh3 {[%emt 0:02:41]} 15. Rfd1 {[%emt 0:01:47]} Bxg2 {[%emt 0:00:26]} 16. Kxg2 {[%emt 0:00:01]} Qc6+ {[%emt 0:10:36]} 17. f3 {[%emt 0:02:12]} Nd7 {[%emt 0:13:41]} 18. Nd5 {[%emt 0:01:40]} Rfe8 {[%emt 0:01:05]} 19. Bg5 {[%emt 0:13:26]} Bf8 {[%emt 0:09:15]} 20. a5 {[%emt 0:06:10]} e6 {[%emt 0:01:38]} 21. Nf6+ {[%emt 0:09:30]} Nxf6 {[%emt 0:00:07]} 22. Bxf6 {[%emt 0:00:01]} e5 {[%emt 0:05:22]} 23. Qd5 {[%emt 0:18:04]} h6 {[%emt 0:06:25]} 24. g4 {[%emt 0:00:39]} Qxd5 {[%emt 0:05:15]} 25. Rxd5 {[%emt 0:00:23]} b6 {[%emt 0:00:18]} 26. Bh4 {[%emt 0:04:54]} bxa5 {[%emt 0:00:49]} 27. Rc3 {[%emt 0:01:51]} Rb4 {[%emt 0:08:33]} 28. Rxa5 {[%emt 0:01:05]} Reb8 {[%emt 0:00:25]} 29. Ra3 {[%emt 0:02:26]} R4b7 {[%emt 0:12:51]} 30. Rd3 {[%emt 0:00:54]} Ra8 {[%emt 0:09:14]} 31. Bf2 {[%emt 0:03:57]} a5 {[%emt 0:05:36]} 32. Be1 {[%emt 0:00:15]} Rba7 {[%emt 0:00:19]} 33. Ra4 {[%emt 0:01:36]} Kg7 {[%emt 0:00:34]} 34. Rd5 {[%emt 0:00:58]} Rb7 {[%emt 0:01:44]} 35. b4 {[%emt 0:00:26]} Rc7 {[%emt 0:00:33]} 36. bxa5 {[%emt 0:00:59]} Rac8 {[%emt 0:00:30]} 37. a6 {[%emt 0:00:16]} Rxc4 {[%emt 0:00:32]} 38. Rxc4 {[%emt 0:00:16]} Rxc4 {[%emt 0:00:06]} 39. a7 Rc8 {[%emt 0:00:30]} 40. Rb5 {[%emt 0:00:07]} Ra8 {[%emt 0:00:39]} 41. Bf2 {[%emt 0:30:05]} 1-0

[Event "WJCC U20 Open 2019"]
[Site "New Delhi"]
[Date "2019.10.17"]
[Round "3.35"]
[White "Aravindh, Chithambaram VR."]
[Black "Pranav Vijay"]
[Result "1-0"]
[WhiteElo "2609"]
[BlackElo "2265"]
[Annotator "TA"]
[PlyCount "99"]
[EventDate "2019.10.15"]
[EventType "swiss"]
[EventCountry "IND"]
[SourceTitle "playchess.com"]
[Source "ChessBase"]
[SourceQuality "1"]

{[%evp 17,98,27,48,8,44,9,12,15,18,18,41,45,37,0,0,0,0,0,0,-83,-70,-68,0,0,0,0,33,41,65,51,58,25,12,0,0,0,31,41,48,41,31,31,84,83,200,150,150,150,162,149,194,189,182,140,318,104,56,32,377,222,396,435,433,425,1260,1156,1704,1664,1666,1592,1807,1769,5081,3295,29986,3091,29991,29992,29993,29994,29997,29998,29999]} 1. e4 e5 2. Nf3 Nc6 3. Bb5 a6 4. Ba4 Nf6 5. O-O b5 6. Bb3 Bc5 7. a4 Rb8 8. c3 d6 9. d4 Bb6 10. a5 {C78: Ruy Lopez: Archangelsk and Möller Defences} Ba7 $1 11. h3 O-O 12. Be3 {The position is equal.} Ra8 (12... exd4 13. cxd4 Nb4 14. Nc3 Bb7 15. Re1 c5 16. Bg5 h6 17. Bh4 c4 {1-0 (74) Jakovenko,D (2681)-Jones,G (2688) Khanty-Mansiysk 2019}) 13. Nbd2 Bb7 14. Re1 h6 15. Qc2 exd4 $146 ({Predecessor:} 15... Re8 16. dxe5 Nxe5 17. Nxe5 dxe5 18. Bxa7 Rxa7 {1-0 (69) Arenas Vanegas,D (2406)-Vidarte Morales,A (2353) Sitges 2012}) 16. cxd4 Nb4 17. Qc3 c5 $1 18. d5 (18. dxc5 $11 Bxc5 19. Rad1 (19. Bxc5 dxc5 20. Ne5 Rc8 $11)) 18... Re8 $17 19. Bf4 Rc8 ({Black should try} 19... Bxd5 $1 $15 20. exd5 Nfxd5 21. Bxd5 Nxd5 22. Rxe8+ Qxe8) 20. Bg3 $11 Nh5 21. Nf1 Rc7 22. Rad1 c4 23. Qxb4 Bc5 24. Qc3 cxb3 25. Qxb3 Rce7 $1 {[%cal Re7e4]} 26. Nd4 Bxd4 27. Rxd4 Qxa5 28. Re3 Qb6 29. Qd1 Nf6 (29... Nxg3 $14 30. Nxg3 Bc8) 30. f3 $16 b4 (30... Rc7 $16) 31. Bf2 a5 32. Re1 Nh5 33. Ne3 Bc8 34. Nc4 Qd8 35. Qa4 Bxh3 $2 (35... f5 $16) 36. Qxa5 $2 (36. gxh3 $18 {and the rest is easy. aiming for Be3.} Qc8 37. e5 (37. Nxd6 Qxh3 38. e5 Ng3 $11) 37... Qxh3 38. Rh4 (38. Nxd6 Ng3 $11) 38... Qxf3 39. Qd1 (39. Qxa5 $2 Nf4 $17) (39. Nxd6 Rxe5 40. Qxe8+ Rxe8 $17) 39... Qxd1 40. Rxd1 Rxe5 41. Nxe5 Rxe5 42. Bb6) 36... Rc7 37. e5 dxe5 $2 {[%mdl 8192]} (37... Qg5 $14 38. g4 Rxc4 39. Rxc4 Nf4) 38. d6 (38. gxh3 $142 {Black must now prevent d6.} exd4 39. Rxe8+ {[%mdl 64] Overworked Piece} Qxe8 40. Qxc7) 38... Qg5 $2 (38... Rxc4 39. Qxd8 Rxd8 40. Rxc4 Be6) 39. g4 $18 Rd7 40. Nxe5 Nf6 (40... Re6 $142 41. Rxb4 Rd8) 41. f4 Rxe5 42. Qa8+ ({Not} 42. fxg5 Rxa5 43. gxf6 Rg5 $14) 42... Kh7 43. fxg5 Rxg5 44. Bh4 Rg6 45. Bxf6 {[#] Threatening mate with Re8.} gxf6 46. Qf3 (46. Re8 $142 f5 47. Qc8 Rd8 48. Qxd8 Bxg4 49. Rh8+ Kg7 50. d7 Bh3+ {[#]} 51. Kh2 $1 {[%mdl 512]}) 46... Bxg4 47. Rxg4 {White mates.} Rxd6 48. Rxg6 fxg6 49. Qb7+ Kg8 50. Re8# {Accuracy: White = 61%, Black = 36%.} 1-0

[Event "WJCC U20 Open 2019"]
[Site "New Delhi"]
[Date "2019.10.17"]
[Round "3.36"]
[White "Albornoz Cabrera, Carlos Daniel"]
[Black "Risting, Eivind Olav"]
[Result "1-0"]
[WhiteElo "2581"]
[BlackElo "2289"]
[Annotator "TA"]
[PlyCount "55"]
[EventDate "2019.10.15"]
[EventType "swiss"]
[EventCountry "IND"]
[SourceTitle "playchess.com"]
[Source "ChessBase"]
[SourceQuality "1"]

{[%evp 18,55,28,29,28,14,26,24,18,14,70,76,70,79,132,41,58,66,157,152,164,148,153,121,172,168,162,141,485,468,846,860,796,747,711,480,606,500,1063,716]} 1. Nf3 d5 2. d4 Nf6 3. c4 e6 4. Nc3 Bb4 5. cxd5 exd5 6. Bg5 h6 7. Bh4 g5 8. Bg3 Ne4 9. Nd2 Nxc3 10. bxc3 Bxc3 {D38: Queen's Gambit Declined: Ragozin Defence (4 Nf3 Bb4)} 11. Rc1 Ba5 (11... Bb2 12. Rxc7 Na6 13. Rc2 Bxd4 14. e3 Bg7 15. Bxa6 bxa6 16. O-O O-O 17. Nb3 Be6 18. Qd3 {½-½ (35) Vachier Lagrave,M (2788)-Aronian,L (2784) Stavanger 2016}) 12. h4 g4 {White has an edge.} 13. e3 Bf5 (13... Nd7 $11) 14. Be2 $1 $14 {[%mdl 1024] White has compensation.} h5 15. O-O c6 {[#]} (15... Bb6 $142) 16. Nb3 $146 (16. e4 $1 $16 {[%cal Re4f5]} dxe4 17. Nc4) ({Predecessor:} 16. e4 Bxd2 17. Qxd2 Bxe4 18. f3 gxf3 19. Bxf3 {1-0 (26) Champion,C (2425)-Gross Winter,G (2366) ICCF email 2007}) 16... Bc7 17. Nc5 Qc8 (17... b6 $14) 18. Qb3 $16 b6 19. Nd3 Be6 20. Rc3 Rh6 (20... Qd7 $16 {keeps fighting.}) 21. Nf4 $18 Qd7 22. Rfc1 Ke7 $2 {[%mdl 8192]} (22... Bf5 $16 {is more resistant.}) 23. Bb5 {[%mdl 64] [#] Pin. White is clearly winning.} Rh8 (23... Bd6 $142 24. Bxc6 Nxc6) 24. Bxc6 Nxc6 25. Rxc6 Bxf4 26. Bxf4 ({Less strong is} 26. exf4 Rhc8 $16) 26... Rhc8 27. Rc7 Kf6 (27... Ke8 $142 28. g3 Bf5) 28. Qb1 {Accuracy: White = 82%, Black = 23%.} 1-0

[Event "WJCC U20 Open 2019"]
[Site "New Delhi"]
[Date "2019.10.17"]
[Round "3.37"]
[White "Muthaiah AL"]
[Black "Doluweera, Minul Sanjula"]
[Result "1-0"]
[WhiteElo "2370"]
[BlackElo "2191"]
[Annotator "TA"]
[PlyCount "115"]
[EventDate "2019.10.15"]
[EventType "swiss"]
[EventCountry "IND"]
[SourceTitle "playchess.com"]
[Source "ChessBase"]
[SourceQuality "1"]

{[%evp 18,115,10,21,19,17,10,13,18,8,37,17,21,28,27,0,0,-11,0,-22,-21,-22,0,0,19,0,31,0,0,0,6,6,16,-16,9,0,11,11,9,13,76,13,61,57,47,21,31,12,22,0,0,0,9,0,38,26,22,16,23,16,21,24,17,16,75,9,11,0,94,74,170,135,149,0,0,0,280,254,232,254,255,254,205,202,382,369,839,820,1102,489,685,645,908,1091,29983,12845,29991,29992,29993,29994]} 1. d4 Nf6 2. Nf3 d5 3. c4 e6 4. Nc3 Bb4 5. Bg5 h6 6. Bxf6 Qxf6 7. cxd5 exd5 8. Qa4+ Nc6 9. e3 O-O 10. Be2 a6 {D38: Queen's Gambit Declined: Ragozin Defence (4 Nf3 Bb4)} 11. a3 (11. O-O Be6 12. Rac1 Bd6 13. Qb3 Ne7 14. a3 g6 15. Qc2 Rac8 16. b4 Nf5 17. Rfd1 c6 18. e4 dxe4 19. Nxe4 Qe7 20. Re1 Rfd8 21. Bc4 Bxc4 22. Qxc4 Bf4 23. Rcd1 Nd6 {½-½ (23) Dreev,A (2670)-Giri,A (2783) St Petersburg 2018}) 11... Bxc3+ $1 12. bxc3 Be6 {The position is equal.} 13. O-O b5 14. Qb3 Na5 15. Qb4 Nc4 16. Bxc4 bxc4 17. Qc5 Rab8 $146 ({Predecessor:} 17... Qd8 18. Rfb1 Bf5 {½-½ (36) Breazu,M-Bassoli,P corr 1987}) 18. Qxc7 Rb3 19. Qa5 Rfb8 20. a4 Qf5 21. Qxa6 Qd3 22. h3 Qxc3 23. Qd6 Qa5 24. Ne5 R3b6 25. Qe7 (25. Nc6 {keeps more tension.} Qa8 26. Ne7+ Kh7 27. Qe5 f6 28. Qg3) 25... R6b7 (25... Ra8 {is interesting.} 26. Rfc1 Qa6 27. Qa3 Rb3 28. Qa2 Qb7) 26. Qd6 {[#] And now Nc6 would win.} Qc7 (26... Rb6 {is more complex.}) 27. Qxc7 Rxc7 28. g4 Ra8 (28... h5 $11 {remains equal.}) 29. Ra3 (29. Rfb1 $16) 29... f6 30. Ng6 $1 Rca7 31. Rfa1 (31. Nf4 $5 {[%cal Rf4e6]} Bf7 32. Rfa1 $11) 31... Ra5 32. Nf4 Bd7 33. Rb1 Kf7 34. Rb6 Ke7 35. Kf1 g5 36. Ne2 Rxa4 37. Rxa4 Rxa4 $11 {[%mdl 4096] Endgame KRB-KRN} 38. Nc3 Ra5 39. Ke2 Be6 40. Rb7+ Bd7 (40... Ke8 $11 {keeps the balance.}) 41. Rb8 (41. Kd2 $16) 41... Be8 42. Rb7+ Ke6 (42... Bd7 $11) 43. f4 h5 (43... gxf4 $16 44. exf4 h5) 44. f5+ $18 Kd6 45. e4 ({White should try} 45. Rb6+ $16 Bc6 46. gxh5) 45... hxg4 $1 $11 46. hxg4 Bc6 $2 {[%mdl 8192] [#]} (46... dxe4 $1 $11 47. Kd2 Bd7) 47. Rf7 $18 dxe4 48. Rxf6+ Kd7 49. Re6 Ra3 50. Kd2 (50. Nxe4 Ra2+ 51. Kf3 Ra3+ 52. Kf2 Ra2+ 53. Ke3 Ra3+ 54. Kd2 Rd3+ 55. Kc2 Rxd4 $11) 50... Rb3 $2 (50... e3+ 51. Rxe3 Bh1) 51. Kc2 Ra3 $2 (51... Kc7 52. d5 (52. Nxe4 Bxe4+ 53. Rxe4 Rf3 $18) 52... Bd7) 52. d5 Ba4+ 53. Kd2 (53. Nxa4 $142 {Strongly threatening Nc5+.} Rxa4 54. Kc3 (54. Rxe4 Kd6 $11)) 53... Bb3 (53... Kc7 $142 54. f6 Bd7) 54. Nxe4 Ra2+ 55. Kc3 Rg2 56. f6 Rxg4 57. f7 Rf4 58. Nf6+ {Accuracy: White = 55%, Black = 35%.} 1-0

[Event "WJCC U20 Open 2019"]
[Site "New Delhi"]
[Date "2019.10.17"]
[Round "3.38"]
[White "Kukelko, Alexey"]
[Black "Flores Quillas, Diego Saul Rodri"]
[Result "1-0"]
[WhiteElo "2342"]
[BlackElo "2164"]
[Annotator "TA"]
[PlyCount "57"]
[EventDate "2019.10.15"]
[EventType "swiss"]
[EventCountry "IND"]
[SourceTitle "playchess.com"]
[Source "ChessBase"]
[SourceQuality "1"]

{[%evp 25,57,85,86,77,91,97,94,91,90,103,181,190,176,156,308,285,283,251,247,244,237,248,462,416,574,573,560,568,567,553,29988,29989,29988,1586]} 1. e4 c5 2. Nf3 e6 3. d4 cxd4 4. Nxd4 Nf6 5. Nc3 d6 6. g4 h6 7. h4 Nc6 8. Rg1 h5 9. gxh5 Nxh5 10. Bg5 Nf6 11. Qd2 Qb6 12. Nb3 a6 13. O-O-O Qc7 14. Be2 {B81: Sicilian Scheveningen: Keres Attack} Bd7 15. Kb1 (15. h5 Nxh5 16. Rh1 g6 17. Bxh5 gxh5 18. Qe2 Be7 19. Bxe7 Nxe7 20. Rxh5 O-O-O 21. Rxh8 Rxh8 {½-½ (37) Kryvoruchko,Y (2697)-Kulaots,K (2573) Abu Dhabi 2015}) 15... b5 16. a3 {White is better.} Rb8 17. h5 $146 ({Predecessor:} 17. f4 b4 18. axb4 Nxb4 19. f5 e5 20. h5 Bc6 21. Bf3 Nd7 {½-½ (56) Vetoshko,V (2430)-Zakhartsov,V (2532) Pardubice 2016}) 17... Nxh5 (17... Nh7 $16) 18. Rh1 $18 g6 19. f4 Rc8 $2 (19... Bg7 $16 {keeps fighting.}) 20. Bf6 Rh6 {[#]} 21. f5 $1 {[%mdl 512]} Nxf6 (21... exf5 22. Bg5) 22. Rxh6 Bxh6 23. Qxh6 exf5 $2 (23... Ne5 24. Rf1 Qd8) 24. exf5 Bxf5 {[#]} 25. Qh8+ $1 {[%mdl 64] Double Attack} Ke7 26. Qh4 {And now Nd5+ would win.} Ke6 27. Bf3 {Hoping for Bxc6.} d5 {If only Black now had time for ...Qd6....} 28. Nc5+ {[%mdl 64] Double Attack} Kd6 29. Nxd5 {Accuracy: White = 82%, Black = 33%.} (29. Qxf6+ $142 Kxc5 30. b4+ Kb6 31. Nxd5+ {[%mdl 64] Double Attack} Kb7 32. Nxc7 Rxc7 33. Rd6 Bg4 34. Bxc6+ Rxc6 35. Rxc6) 1-0

[Event "WJCC U20 Open 2019"]
[Site "New Delhi"]
[Date "2019.10.17"]
[Round "3.39"]
[White "Neelash Saha"]
[Black "Hamad Essam"]
[Result "1-0"]
[WhiteElo "2334"]
[BlackElo "1849"]
[Annotator "ChessBase"]
[PlyCount "56"]
[EventDate "2019.10.15"]
[EventType "swiss"]
[EventCountry "IND"]
[SourceTitle "playchess.com"]
[Source "ChessBase"]
[SourceQuality "1"]
[TimeControl "40/5400+30:1800+30"]

1. d4 {[%emt 0:03:22]} Nf6 {[%emt 0:00:00]} 2. Bg5 {[%emt 0:00:26]} c5 {[%emt 0:00:04]} 3. d5 {[%emt 0:00:18]} Qb6 {[%emt 0:00:36]} 4. Nc3 {[%emt 0:00:11]} d6 {[%emt 0:00:07]} 5. e4 {[%emt 0:05:24]} g6 {[%emt 0:00:09]} 6. Qc1 {[%emt 0:05:18]} Bg7 {[%emt 0:04:21]} 7. Nf3 {[%emt 0:04:11]} O-O {[%emt 0:06:16]} 8. Nd2 {[%emt 0:01:41]} e6 9. Nc4 {[%emt 0:00:30]} Qd8 10. Be2 {[%emt 0:00:30]} h6 11. Bxh6 {[%emt 0:00:30]} b5 12. Bxg7 {[%emt 0:00:30]} Kxg7 13. Nxb5 {[%emt 0:00:30]} Nxe4 14. Ne3 {[%emt 0:00:30]} a6 15. Nc3 {[%emt 0:00:30]} Nxc3 16. bxc3 {[%emt 0:00:30]} e5 17. Nc4 {[%emt 0:00:30]} Ra7 18. h4 {[%emt 0:00:30]} Rh8 19. h5 {[%emt 0:00:30]} gxh5 20. Qe3 {[%emt 0:00:30]} h4 21. f4 {[%emt 0:00:30]} exf4 22. Qxf4 {[%emt 0:00:30]} Rh6 23. O-O-O {[%emt 0:00:30]} Qe7 24. Rde1 {[%emt 0:00:30]} Qf6 25. Qxf6+ {[%emt 0:00:30]} Rxf6 26. Bf3 {[%emt 0:00:30]} h3 27. Re2 {[%emt 0:00:30]} Rc7 28. Nb6 {[%emt 0:00:30]} Bf5 1-0

[Event "WJCC U20 Open 2019"]
[Site "New Delhi"]
[Date "2019.10.17"]
[Round "3.40"]
[White "Nitish Belurkar"]
[Black "Swarnavo Choudhury"]
[Result "1-0"]
[WhiteElo "2311"]
[BlackElo "1797"]
[Annotator "ChessBase"]
[PlyCount "103"]
[EventDate "2019.10.15"]
[EventType "swiss"]
[EventCountry "IND"]
[SourceTitle "playchess.com"]
[Source "ChessBase"]
[SourceQuality "1"]
[TimeControl "40/5400+30:1800+30"]

1. e4 c5 2. Nf3 e6 3. d4 cxd4 4. Nxd4 Nc6 5. Nc3 Qc7 6. Be3 a6 7. Qf3 Nf6 8. O-O-O Ne5 9. Qg3 b5 10. a3 Bb7 11. Bxb5 axb5 12. Ndxb5 Qb8 13. Bb6 Nc4 14. Nc7+ Ke7 15. Nxa8 Qxg3 16. hxg3 Bxa8 17. Bc5+ Kd8 18. Bxf8 Rxf8 19. b3 Nb6 20. f3 e5 21. Nb5 Bc6 22. Nd6 Kc7 23. g4 h6 24. a4 Ne8 25. Nf5 d6 26. c4 Nd7 27. a5 g6 28. Ne3 Nc5 29. Kb2 Nf6 30. b4 Ne6 31. Rxh6 Nd4 32. Rd2 Rb8 33. Ka3 Ra8 34. Rh1 Bd7 35. Rc1 Bc6 36. Nc2 Ne6 37. Na1 Nd4 38. Nb3 Nxb3 39. Kxb3 Bb7 40. Rcd1 Ne8 41. Rc1 Bc6 42. b5 Rb8 43. Kb4 Nf6 44. Rcd1 Ne8 45. g5 Bd7 46. a6 Kb6 47. Rxd6+ Nxd6 48. Rxd6+ Kc7 49. a7 Ra8 50. b6+ Kc8 51. Rxd7 Kxd7 52. b7 1-0